• 首页
  • 本馆介绍
  • 公告通知
  • 最新文献
  • 馆藏检索
  • 电子资源
  • 读者导购
  • 参考咨询
  • 我的图书馆
  • 登录
  • 详细信息显示
  • 放入我的书架
  • 预约/预借图书
  • 作者相关作品
  • 分类相关作品
  • 丛书相关作品
  • 出版社相关作品

书目信息

  • 表格格式
  • 工作单格式
  • 卡片格式
题名:
上古音研究
    
 
作者: 李方桂
分册:  
出版信息: 北京   商务印书馆  1980
页数: 103页
开本: 20cm
丛书名:
单 册:
中图分类: H111
科图分类:
主题词: 汉语--语音 , 汉语--音韵学
电子资源:
ISBN: 7-100-02644-X
000 00515nam0 2200193 450
001 0728815141
005 20070819080015.14
010    @a7-100-02644-X@d¥6.00
100    @a20070819d km y0chiy0120 ea
101 0  @achi
200 1  @a上古音研究@Ashang gu yin yan jiu@f李方桂@Fli fang gui
210    @a北京@c商务印书馆@d1980
215    @a103页@d20cm
606 0  @a汉语@x语音
606 0  @a汉语@x音韵学
690    @aH111@v3
701  0 @a李方桂@Ali fang gui
801  0 @aCN@bPFT@c20070819
905    @a213230@dH111@eZW11@f1
    
    上古音研究/李方桂.-北京:商务印书馆,1980
    103页;20cm
    
    
    ISBN 7-100-02644-X:¥6.00
    
●
相关链接 在E读中查询图书 在五车中查询图书 在当当中查询图书 在豆瓣中查询图书


正题名:上古音研究     索取号:H111/ZW11         预约/预借

序号 登录号 条形码 馆藏地/架位号 状态 备注
1 7615164   276151646   密集书库-文学院/ [索取号:H111/ZW11] 在馆    
唐山师范学院图书馆 欢迎您!
大连网信软件有限公司© 版权所有